000
00293nam a2200121Ia 4500
008
190216s9999||||xx |||||||||||||| ||und||
100
_a
Yu-Cheng Liu And Glenn A Gibson
245
0
_a
Micro Computer Systems
260
_b
Prentice Hall
_c
2000
300
_a
623p
650
_a
Physics
942
_c
BK
999
_c
8693
_d
8693